LEADER 02343nam 2200517 a 450 001 9910952297703321 005 20251117084726.0 010 $a9781912234851 010 $a1912234858 035 $a(CKB)2670000000241005 035 $a(EBL)3111177 035 $a(MiAaPQ)EBC3111177 035 $a(Au-PeEL)EBL3111177 035 $a(CaPaEBR)ebr10594060 035 $a(OCoLC)811407997 035 $a(Perlego)1304451 035 $a(BIP)35371924 035 $a(EXLCZ)992670000000241005 100 $a20120904d2010 uy 0 101 0 $aeng 135 $aur|n|---||||| 181 $ctxt$2rdacontent 182 $cc$2rdamedia 183 $acr$2rdacarrier 200 00$aPublic intellectuals and the politics of global Africa $ecomparative and biographical essays in honour of Ali A. Mazrui /$fedited by Seifudein Adem 205 $a1st ed. 210 $aLondon $cAdonis & Abbey Publishers Ltd.$d2010 215 $a1 online resource (367 p.) 300 $aDescription based upon print version of record. 311 08$a9781906704759 311 08$a1906704759 327 $asection 1. Introductory essays -- section 2. Dialogue of cultures -- section 3. Conflict and postcoloniality -- section 4. Afro-optimism in thought and policy -- section 5. The rise of Obama and the politics of identity. 330 $aAli Mazrui has been described as one of the most original thinkers that Africa has produced, and one of the top 100 living public intellectuals in the world today. This volume uses Mazrui's life and work as a guide towards explaining the historical impact of black public intellectuals such as Julius K. Nyerere, Patrice Lumumba and Barrack Obama. The book explores not only politics and academics, but also religion, gender, class and civil-military relations, bringing together into the black experience both Plato's concept of the "philosopher King" and V.I. Lenin's notion of the 'intelligentsia'. 606 $aAfricanists 606 $aIntellectuals 615 0$aAfricanists. 615 0$aIntellectuals. 701 $aAdem$b Seifudein$01183195 701 $aMazrui$b Ali AlAmin$0130631 801 0$bMiAaPQ 801 1$bMiAaPQ 801 2$bMiAaPQ 906 $aBOOK 912 $a9910952297703321 996 $aPublic intellectuals and the politics of global Africa$94361940 997 $aUNINA